000 00395nam a2200145Ia 4500
008 150201s2013 xx 000 0 und d
082 _a610
_bC13D
100 _aDAS , KV. KRISHNA
245 _aCLINICAL MEDICINE : A TB. OF CLINICAL METHODS AND LABORATORY INVESTIGATION
250 _a4TH
260 _bJAYPEE
_aDELHI
_c2013
300 _a1-791
650 _aGENERAL MEDICINE
942 _2ddc
_cBK
_06
999 _c1670
_d1670